000 00572nam a2200157 a 4500
008 060316s1974 ||||||||||||||||| || u
020 _a0340162732
050 _aPR 6075 You
100 _aYoung, Kenneth
245 1 0 _aHarry, Lord Rosebery
260 _aLondon :
_bHodder and Stoughton
_c1974
300 _a192 p., [8] p.
350 _a0.00
650 _aRosebery, Albert Edward Harry Meyer Archibald Primrose, 6th Earl of, 1882-1974
995 _D0.00
_FCBU-MAIN LIBRARY (Kitwe)
_H1
_I2.95
_M1
_UAVAILABLE
_ZFiction Collection
999 _c45382
_d45382